000 00225nam a22000857a 4500
008 161201b xxu||||| |||| 00| 0 eng d
100 _91695
_aSaini,T.C
245 _aComputer Science Part-5
260 _aNew Delhi
_bmethodex Comp.Tech.
999 _c4405
_d4405